Como perder amigos /

Guardado en:
Autor Principal: Medina, Dante
Formato: Libro
Publicado: Bogota : Casa, 1994
Materias:
Etiquetas: Agregar Etiqueta
Sin Etiquetas, Sea el primero en etiquetar este registro!
LEADER 00502nam a22001695a 4500
001 EHU.bham020039
003 AR-BHAM
005 20101202182519.0
008 130507s1994##################000#0#####d
082 M 8 |a 868.4 
100 1 |a Medina, Dante 
245 1 0 |a Como perder amigos /  |c Dante Medina 
260 |a Bogota :  |b Casa,  |c 1994 
300 |a 140 p. 
500 |a Premio Cuento Casa de las Américas, 1994 
653 |a Miscelanea mexicana-1911- 
859 |a AR-BHAM  |b BIB. HUMANIDADES - General  |h M868.4  |i M468  |k M  |p 330.95  |t Ej.1